| 000 | 00606cam a2200217 4500500 | ||
|---|---|---|---|
| 005 | 20260405003446.0 | ||
| 041 | _afre | ||
| 042 | _adc | ||
| 100 | 1 | 0 |
_aN’Diaye, Aïda _eauthor |
| 245 | 0 | 0 | _aCahiers d’insouciance |
| 260 | _c2022. | ||
| 500 | _a57 | ||
| 690 | _aAlexandre Jollien | ||
| 690 | _aBouddhisme | ||
| 690 | _aDétachement | ||
| 690 | _aEgo | ||
| 690 | _aPeur | ||
| 690 | _aTibet | ||
| 786 | 0 | _nPhilosophie magazine | 156 | 2 | 2022-02-01 | p. 67-67 | 1951-1787 | |
| 856 | 4 | 1 | _uhttps://shs.cairn.info/magazine-philosophie-magazine-2022-2-page-67?lang=fr&redirect-ssocas=7080 |
| 999 |
_c2067722 _d2067722 |
||